| 000 | 00543nam a2200181Ia 4500 | ||
|---|---|---|---|
| 005 | 20250326123517.0 | ||
| 008 | 250326s9999 xx 000 0 und d | ||
| 037 | _aTextbook | ||
| 040 |
_aFMSL _beng _cFMSL |
||
| 041 |
_aeng _2eng |
||
| 084 |
_aX:89A N1 _qFMSL |
||
| 100 |
_aMaskell B H _9735337 |
||
| 245 | 0 |
_aPerformance measurement for world class manufacturing : model for American companies _cMaskell B H |
|
| 260 |
_aNY _bNY, Producitivity _c1991 |
||
| 300 | _a418p | ||
| 942 |
_cTB _hX:89A N1 |
||
| 999 |
_c1269690 _d1269690 |
||